| 000 | 01597nam a2200253Ia 4500 | ||
|---|---|---|---|
| 003 | Ost | ||
| 005 | 20260507075124.0 | ||
| 008 | 260507s9999||||xx |||||||||||||| ||und|| | ||
| 040 | _cfsecg | ||
| 041 | _aara | ||
| 082 | _a330 | ||
| 100 |
_aالعطيات، محمد بن يوسف النهران _eمؤلف |
||
| 245 | 0 |
_aإدارة التغيير والتحديات العصرية للمدير : _bرؤية معاصرة لمدير القرن الحادي والعشرين / _c محمد بن يوسف النهران العطيات |
|
| 260 |
_aعمان: _bدار الحامد, _c2006 |
||
| 300 |
_a332 صفحة؛ _bإيضاحات ؛ _c25 سم |
||
| 520 | _aأساسيات البحث-الفكر الإداري الحديث وتحديات المستقبل-الفكر الإسلامي بين الثبات والتطوير-إدارة التغيير-الرؤية الإستراتيجية والرسالة والأهداف وأهميتها للمؤسسة العصرية-الإدارة في ظل ظروف متغيرة-القيادة الإدارية والتغيير-المدير وتحديات ثورة المعلومات والإتصال-المدير العصري وتحديات خصخصة المؤسسات-إدارة التغيير وتحدياته العصرية بالنسبة للمدير-الخاتمة والتوصيات | ||
| 653 | _aإدارة التغيير - الجزائر | ||
| 653 | _aالإدارة | ||
| 653 | _aالتحديات العصرية | ||
| 653 | _aالدراسة | ||
| 653 | _aالفكر الإداري | ||
| 653 | _aخصخصة المؤسسات | ||
| 942 | _cكتاب | ||
| 999 |
_c43120 _d43120 |
||